| 000 | 00901nam a2200241Ia 4500 | ||
|---|---|---|---|
| 003 | GCL | ||
| 005 | 20240530102942.0 | ||
| 008 | 140319s9999 xx 000 0 ara d | ||
| 040 |
_aGCL / _cGCL |
||
| 082 | 0 | 4 |
_a320.101 _bم ص |
| 100 | 1 | _aمركز دراسات الوحدة العربية | |
| 245 | 1 | 0 |
_aصفحات من الماضى القريب / _cمركز دراسات الوحدة العربية |
| 260 |
_a[S.N] : _bمركز دراسات الوحدة العربية ، _c1984 |
||
| 300 | _a79 ص | ||
| 490 | 0 |
_aسلسلة التراث القومى : الاعمال القومية لساطع الحصرى ؛ _v3 |
|
| 650 | 0 | 4 | _aالعصر الحديث |
| 650 | 0 | 4 | _aتاريخ |
| 650 | 0 | 4 | _aسوريا |
| 650 | 0 | 4 | _aجامعة الدول العربية |
| 650 | 0 | 4 | _aالاحتلال الفرنسى (1920 - 1946) |
| 700 | 1 | _aابوخلدون ساطع الحصرى | |
| 942 |
_2ddc _cBK |
||
| 999 |
_c35633 _d35633 |
||